[Event "American Continental 19th"]
[Site "Foz do Iguacu"]
[Date "2025.05.24"]
[Round "2"]
[White "Pironti, Francisco Ferrari"]
[Black "Lujan, Carolina"]
[Result "0-1"]
[WhiteElo "2100"]
[BlackElo "2259"]
[PlyCount "42"]
[EventDate "2025.05.23"]
[EventType "swiss"]
[EventRounds "11"]
[EventCountry "BRA"]
[SourceTitle "CB23_2025"]
[SourceDate "2025.06.04"]
[SourceVersion "1"]
[SourceVersionDate "2025.06.04"]
[SourceQuality "1"]

1. e4 c5 2. Nf3 e6 3. d4 cxd4 4. Nxd4 a6 5. c4 Nc6 6. Nc3 Qc7 7. Be3 Nf6 8. Rc1 Bb4 9. a3 Bxc3+ 10. Rxc3 Nxe4 11. Qg4 Nxc3 12. Nxc6 Kf8 13. Nb4 Na4 14. Bd4 f6 15. Qf3 d6 16. Be2 a5 17. Nd3 e5 18. Be3 Be6 19. 0-0 h5 20. h3 Qc6 21. Rc1 e4 0-1

[Event "Florianopolis op 11th"]
[Site "Florianopolis"]
[Date "2025.01.22"]
[Round "6"]
[White "Bambino Filho, Antonio Carlos"]
[Black "Pironti, Francisco Ferrari"]
[Result "0-1"]
[WhiteElo "2179"]
[BlackElo "2020"]
[PlyCount "142"]
[EventDate "2025.01.18"]
[EventType "swiss"]
[EventRounds "10"]
[EventCountry "BRA"]
[SourceTitle "CB05_2025"]
[SourceDate "2025.01.29"]
[SourceVersion "1"]
[SourceVersionDate "2025.01.29"]
[SourceQuality "1"]

1. c4 e6 2. Nf3 Nf6 3. Nc3 d5 4. e3 b6 5. b3 Bb7 6. Bb2 a6 7. cxd5 exd5 8. d4 Bd6 9. g3 Nbd7 10. Bg2 Qe7 11. 0-0 0-0-0 12. a4 h5 13. Qe2 Ne4 14. Nxe4 dxe4 15. Nd2 h4 16. Nc4 Bb4 17. Rac1 Kb8 18. Bc3 hxg3 19. fxg3 Bxc3 20. Rxc3 Rh6 21. Qf2 Nf6 22. Rcc1 Rxh2 23. Ne5 Rdh8 24. a5 b5 25. Rc5 Qe6 26. Rfc1 Nd5 27. Rc6 Bxc6 28. Rxc6 Qe8 29. Rc5 Qe6 30. Rc6 Qc8 31. Rc5 Nf6 32. Qc2 R8h5 33. Nc6+ Ka8 34. Ne7 Rxg2+ 35. Qxg2 Qg4 36. Rxh5 Nxh5 37. Kh2 Nf6 38. Qc2 Qd7 39. Qc5 Kb7 40. d5 Ng4+ 41. Kg2 Nxe3+ 42. Kf2 Ng4+ 43. Ke2 Ne5 44. Ke3 Qg4 45. Nc6 Qxg3+ 46. Kd2 e3+ 47. Kc2 Qg2+ 48. Kb1 Nxc6 49. Qxc6+ Kb8 50. Qe8+ Ka7 51. Qxe3+ Kb7 52. Qc5 Qg6+ 53. Ka2 Qd6 54. Qd4 g5 55. Qe4 Qf4 56. Qc2 Qd6 57. Qe4 f6 58. Qf5 g4 59. Qxg4 Qxd5 60. Qf4 f5 61. Qg5 Qe4 62. Qg6 Qf3 63. Qe6 f4 64. Qe5 Qe3 65. Qd5+ Ka7 66. Qf7 Qe5 67. Kb1 Qe4+ 68. Kb2 Kb7 69. Ka3 f3 70. Qf6 b4+ 71. Kb2 Qe2+ 0-1

[Event "Florianopolis op 11th"]
[Site "Florianopolis"]
[Date "2025.01.18"]
[Round "1"]
[White "Frassetto, Eduarda"]
[Black "Pironti, Francisco Ferrari"]
[Result "0-1"]
[WhiteElo "1544"]
[BlackElo "2020"]
[PlyCount "64"]
[EventDate "2025.01.18"]
[EventType "swiss"]
[EventRounds "10"]
[EventCountry "BRA"]
[SourceTitle "CB05_2025"]
[SourceDate "2025.01.29"]
[SourceVersion "1"]
[SourceVersionDate "2025.01.29"]
[SourceQuality "1"]

1. e4 c5 2. Nf3 d6 3. d4 cxd4 4. Nxd4 Nf6 5. Nc3 b6 6. h3 e5 7. Nf3 Be7 8. Bg5 Be6 9. Be2 Nbd7 10. 0-0 0-0 11. Qd2 Rc8 12. Rad1 b5 13. a3 Rxc3 14. Bxf6 Nxf6 15. Qxc3 Nxe4 16. Qe3 Qa8 17. Bd3 Nc5 18. b4 Nxd3 19. cxd3 f5 20. Rc1 f4 21. Qe2 Bd5 22. d4 e4 23. Nh2 Bc4 24. Rxc4 bxc4 25. Qxc4+ d5 26. Qe2 Qc8 27. Qd2 f3 28. Ng4 fxg2 29. Kxg2 Qf5 30. Qc3 Bd6 31. Qc1 Rc8 32. Qe3 Qg6 0-1

[Event "Wch U16"]
[Site "Florianopolis"]
[Date "2024.10.30"]
[Round "2"]
[White "Petukhov, Alan"]
[Black "Pironti, Francisco Ferrari"]
[Result "1-0"]
[WhiteElo "2232"]
[BlackElo "1920"]
[PlyCount "81"]
[EventDate "2024.10.29"]
[EventType "swiss"]
[EventRounds "11"]
[EventCountry "BRA"]
[SourceTitle "CB45_2024"]
[Source "ChessBase"]
[SourceDate "2024.11.06"]
[SourceVersion "1"]
[SourceVersionDate "2024.11.06"]
[SourceQuality "1"]

1. c4 e6 2. Nf3 d5 3. e3 Nf6 4. Nc3 b6 5. b3 Bb7 6. Bb2 Nbd7 7. Be2 a6 8. 0-0 Bd6 9. d4 Qe7 10. Rc1 0-0 11. h3 Ne4 12. cxd5 exd5 13. Nxe4 dxe4 14. Nd2 b5 15. a4 c6 16. d5 cxd5 17. axb5 axb5 18. Bxb5 Ra2 19. Bd4 Ne5 20. f4 Nd3 21. Bxd3 exd3 22. Nf3 Rfa8 23. Rf2 Rxf2 24. Kxf2 Ra2+ 25. Kg1 Ba3 26. Ra1 Rxa1 27. Qxa1 f6 28. Qc3 Ba6 29. Qc6 Bb7 30. Qb5 Qc7 31. Qxd3 Qc6 32. Qd2 Qb5 33. Qa2 Bd6 34. Qc2 Ba6 35. Qf5 Be7 36. Qe6+ Kf8 37. Nh4 Bb7 38. Nf5 Qb4 39. Kh2 Qa3 40. Qd7 Qb4 41. Bc3 1-0

[Event "Titled Tuesday intern op 03rd Sep Late"]
[Site "Chess.com INT"]
[Date "2024.09.03"]
[Round "9"]
[White "Pironti, Francisco Ferrari"]
[Black "Adamovics, Aleksejs"]
[Result "1/2-1/2"]
[WhiteElo "1920"]
[BlackElo "2163"]
[PlyCount "70"]
[EventDate "2024.09.03"]
[EventType "swiss (blitz)"]
[EventRounds "11"]
[EventCountry "USA"]
[SourceTitle "EXT 2025"]
[Source "ChessBase"]
[SourceDate "2024.10.14"]
[SourceVersion "1"]
[SourceVersionDate "2024.10.14"]
[SourceQuality "1"]

1. c4 Nf6 2. Nc3 e6 3. Nf3 d5 4. e3 Bd6 5. b3 0-0 6. Bb2 Re8 7. Be2 c6 8. d4 Nbd7 9. 0-0 b6 10. Nd2 Bb7 11. e4 e5 12. dxe5 Nxe5 13. cxd5 cxd5 14. exd5 Nxd5 15. Nxd5 Bxd5 16. Nf3 Bb7 17. Nxe5 Bxe5 18. Bxe5 Rxe5 19. Qxd8+ Rxd8 20. Rfd1 Rc8 21. Bg4 f5 22. Bh3 Rc7 23. Rd8+ Kf7 24. Rad1 g6 25. f4 Ree7 26. g3 Re2 27. R1d7+ Re7 28. Rd1 Rc2 29. Bf1 Rxa2 30. Bc4+ Kg7 31. R8d7 Kf8 32. Rd8+ Re8 33. R8d7 Re7 34. Rd8+ Kg7 35. R8d7 Kf8 1/2-1/2

[Event "Titled Tuesday intern op 03rd Sep Late"]
[Site "Chess.com INT"]
[Date "2024.09.03"]
[Round "11"]
[White "Pironti, Francisco Ferrari"]
[Black "Wu, Derek"]
[Result "0-1"]
[WhiteElo "1920"]
[BlackElo "2232"]
[PlyCount "66"]
[EventDate "2024.09.03"]
[EventType "swiss (blitz)"]
[EventRounds "11"]
[EventCountry "USA"]
[SourceTitle "EXT 2025"]
[Source "ChessBase"]
[SourceDate "2024.10.14"]
[SourceVersion "1"]
[SourceVersionDate "2024.10.14"]
[SourceQuality "1"]

1. e4 e5 2. Nf3 Nc6 3. Bc4 Bc5 4. c3 Nf6 5. d4 exd4 6. cxd4 Bb4+ 7. Nc3 Nxe4 8. 0-0 Bxc3 9. bxc3 d5 10. Bd3 0-0 11. Ba3 Re8 12. Re1 Nxc3 13. Qc2 Ne4 14. Bxe4 dxe4 15. Rxe4 Rxe4 16. Qxe4 Be6 17. Qe3 Bd5 18. Ne5 Nxe5 19. dxe5 Qd7 20. Rd1 c6 21. Rd4 Qf5 22. h3 h5 23. Kh2 Re8 24. Bd6 Bxa2 25. Rf4 Qg6 26. Qxa7 Bd5 27. f3 b5 28. Qc5 Qg5 29. Rd4 Ra8 30. h4 Qg6 31. Rf4 Ra2 32. Qg1 Qh6 33. Rd4 Bxf3 0-1

[Event "South America-ch 2nd"]
[Site "Coliseo Miguel Grau"]
[Date "2024.08.01"]
[Round "6"]
[White "Pinero Rodriguez, Carlos Jose"]
[Black "Pironti, Francisco Ferrari"]
[Result "1-0"]
[WhiteElo "2284"]
[BlackElo "1975"]
[PlyCount "63"]
[EventDate "2024.07.29"]
[EventType "swiss"]
[EventRounds "9"]
[EventCountry "PER"]
[SourceTitle "EXT 2025"]
[Source "ChessBase"]
[SourceDate "2024.10.14"]
[SourceVersion "1"]
[SourceVersionDate "2024.10.14"]
[SourceQuality "1"]

1. e4 c5 2. Nf3 d6 3. d4 cxd4 4. Nxd4 Nf6 5. Nc3 a6 6. Bg5 e6 7. f4 Be7 8. Qe2 b5 9. a3 Bb7 10. 0-0-0 Nbd7 11. Qe1 Rc8 12. Bd3 Qb6 13. Nf3 b4 14. axb4 Qxb4 15. e5 dxe5 16. fxe5 Ng4 17. Bxe7 Qxe7 18. Qg3 Bxf3 19. gxf3 Ngxe5 20. Qxg7 Nxd3+ 21. Rxd3 Qf6 22. Qxf6 Nxf6 23. Rd6 Ra8 24. Rb6 Rg8 25. f4 Rg2 26. f5 Nd7 27. Rb7 Rb8 28. Ra7 Ne5 29. fxe6 fxe6 30. Re1 Nc4 31. Rxe6+ Kf8 32. b3 1-0

[Event "Sao Paulo Sampa op"]
[Site "Sao Paulo"]
[Date "2024.02.04"]
[Round "9"]
[White "Pironti, Francisco Ferrari"]
[Black "Moreira, Paulo Vinicius Mace"]
[Result "1-0"]
[WhiteElo "1951"]
[BlackElo "1667"]
[PlyCount "123"]
[EventDate "2024.01.29"]
[EventType "swiss"]
[EventRounds "9"]
[EventCountry "BRA"]
[SourceTitle "EXT 2025"]
[Source "ChessBase"]
[SourceDate "2024.10.14"]
[SourceVersion "1"]
[SourceVersionDate "2024.10.14"]
[SourceQuality "1"]

1. e4 e6 2. d4 d5 3. e5 c5 4. c3 Nc6 5. Nf3 Nh6 6. Bd3 Nf5 7. 0-0 cxd4 8. Bxf5 exf5 9. Nxd4 Nxd4 10. Qxd4 Be7 11. Nd2 0-0 12. Nf3 Be6 13. h4 h6 14. h5 Qc7 15. Bf4 Bc5 16. Qd2 Kh7 17. a4 Rfd8 18. a5 a6 19. Be3 Rac8 20. Bxc5 Qxc5 21. Nd4 Qe7 22. Ra4 Rc4 23. Rxc4 dxc4 24. Qf4 Qg5 25. Nxe6 fxe6 26. Qxc4 Rd5 27. Qc8 Qe7 28. b4 Rxe5 29. Rd1 Qf7 30. f3 f4 31. Qd7 Qxh5 32. Qxb7 Qh4 33. Qxa6 Re1+ 34. Rxe1 Qxe1+ 35. Qf1 Qxc3 36. Qb1+ Kg8 37. a6 Kf7 38. b5 Qc5+ 39. Kf1 Qc4+ 40. Ke1 Qc3+ 41. Ke2 Qc4+ 42. Qd3 Qa2+ 43. Kf1 Qa1+ 44. Kf2 Qb2+ 45. Kg1 Qc1+ 46. Kh2 Qc5 47. Qd7+ Kf6 48. Qe8 Qf2 49. Qf8+ Ke5 50. Qxg7+ Kd5 51. Qd7+ Ke5 52. Qc7+ Kf5 53. Qh7+ Kg5 54. Qe4 Qc5 55. Qxe6 Qxb5 56. Qg4+ Kf6 57. Qxf4+ Kg6 58. a7 Qh5+ 59. Kg3 Qa5 60. Qe4+ Kg5 61. f4+ Kh5 62. Qe8# 1-0

[Event "Titled Tuesday intern op 03rd Oct Early"]
[Site "Chess.com INT"]
[Date "2023.10.03"]
[Round "1"]
[White "Janaszak, Dawid"]
[Black "Pironti, Francisco Ferrari"]
[Result "1-0"]
[WhiteElo "2308"]
[BlackElo "1947"]
[PlyCount "50"]
[EventDate "2023.10.03"]
[EventType "swiss (blitz)"]
[EventRounds "11"]
[EventCountry "USA"]
[SourceTitle "EXT 2025"]
[Source "ChessBase"]
[SourceDate "2024.10.14"]
[SourceVersion "1"]
[SourceVersionDate "2024.10.14"]
[SourceQuality "1"]

1. d4 d5 2. Bf4 Nf6 3. Nf3 e6 4. e3 Bd6 5. Bg3 0-0 6. Nbd2 b6 7. c4 c5 8. dxc5 bxc5 9. Be2 Nc6 10. 0-0 d4 11. exd4 cxd4 12. Bh4 e5 13. c5 Be7 14. Bd3 Nd5 15. Bxe7 Qxe7 16. Re1 Bg4 17. Qa4 Rac8 18. Nxe5 Nxe5 19. Qxd4 Qxc5 20. Qxc5 Rxc5 21. Rxe5 Be6 22. Ne4 Rc7 23. Ng5 g6 24. Rxe6 fxe6 25. Nxe6 Rb7 1-0

[Event "Titled Tuesday intern op 03rd Oct Early"]
[Site "Chess.com INT"]
[Date "2023.10.03"]
[Round "2"]
[White "Jia, Haoxiang"]
[Black "Pironti, Francisco Ferrari"]
[Result "1-0"]
[WhiteElo "2331"]
[BlackElo "1947"]
[PlyCount "65"]
[EventDate "2023.10.03"]
[EventType "swiss (blitz)"]
[EventRounds "11"]
[EventCountry "USA"]
[SourceTitle "EXT 2025"]
[Source "ChessBase"]
[SourceDate "2024.10.14"]
[SourceVersion "1"]
[SourceVersionDate "2024.10.14"]
[SourceQuality "1"]

1. d4 d5 2. c4 dxc4 3. Nf3 Nf6 4. e3 b5 5. a4 b4 6. Bxc4 Bb7 7. Nbd2 e6 8. 0-0 Be7 9. Qe2 0-0 10. Rd1 Nbd7 11. e4 c5 12. e5 Nd5 13. Nb3 cxd4 14. Nfxd4 Qc7 15. Bxd5 Bxd5 16. Bf4 Qb7 17. f3 Rfc8 18. Kh1 Nc5 19. Nxc5 Bxc5 20. Nb5 Qb6 21. Nd6 Rd8 22. a5 Qc6 23. Rdc1 f6 24. Be3 fxe5 25. Bxc5 Rxd6 26. Bxd6 Qxd6 27. Qb5 Rf8 28. Qc5 Qd8 29. Qxb4 Rxf3 30. Ra3 Rf2 31. Rg3 Qf6 32. Rc8+ Kf7 33. Rf8# 1-0